Linkin Park- A Thousand Suns - Statistiques

Statistiques générales
  • Ce quiz a été pris 17 fois
  • Le résultat moyen est 7 sur 15
Statistiques - réponses
Hint Réponse % Correct
14 The Catalyst
73%
05 When They Come for Me
73%
08 Waiting for the End
73%
12 Iridescent
64%
02 The Radiance
64%
01 The Requiem
64%
06 Robot Boy
55%
09 Blackout
45%
03 Burning in the Skies
45%
15 The Messenger
36%
07 Jornada del Muerto
27%
13 Fallout
27%
10 Wretches and Kings
27%
04 Empty Spaces
18%
11 Wisdom, Justice, and Love
18%
Aucun quiz correspondant
Distribution des résultats
% des personnes avec chaque résultat
Percentile par nombre de réponses
Votre historique - résultats
Vous n’avez pas pris ce quiz